MARC details
| 000 -LÍDER |
| campo de controle de tamanho fixo |
02571nam a2200313 4500 |
| 001 - NÚMERO DE CONTROLE |
| campo de controle |
108 |
| 003 - IDENTIFICADOR DO NÚMERO DE CONTROLE |
| campo de controle |
OSt |
| 005 - DATA E HORÁRIO DA ÚLTIMA TRANSAÇÃO |
| campo de controle |
20250528074012.0 |
| 008 - CAMPO DE DADOS FIXOS--INFORMAÇÃO GERAL |
| campo de controle de tamanho fixo |
250127b |||||||g |||| 00| 1 eng d |
| 040 ## - FONTE DA CATALOGAÇÃO |
| Idioma da catalogação |
por |
| 041 ## - CÓDIGO DE IDIOMA |
| Código do idioma do original e/ou traduções intermediárias do texto |
spa |
| Código do idioma do texto/trilha sonora ou título diferente |
por |
| 082 ## - CDD - CLASSIFICAÇÃO DECIMAL DE DEWEY |
| Número de Classificação |
863 |
| Número do exemplar |
C419d |
| 100 1# - ENTRADA PRINCIPAL--NOME PESSOAL |
| Nome pessoal |
Cervantes Saavedra, Miguel de |
| Datas associadas ao nome |
1547-1616 |
| 9 (RLIN) |
238 |
| 240 ## - TÍTULO UNIFORME |
| Título uniforme |
El ingenioso hidalgo Don Quijote de la Mancha |
| 245 ## - TÍTULO |
| Título |
Dom Quixote de la Mancha / |
| Indicação de responsabilidade, etc. |
Cervantes, Miguel de ; Tradução de Visconde de Castilho e Azevedo e notas por José María Castro Calvo |
| 260 ## - PUBLICAÇÃO, DISTRIBUIÇÃO, ETC. |
| Local de publicação, distribuição, etc. |
São Paulo |
| Nome do editor, distribuidor, etc. |
Abril |
| Data da publicação, distribuição, etc. |
1981 |
| 300 ## - DESCRIÇÃO FÍSICA |
| Extensão |
609 p. |
| 520 ## - NOTA DE RESUMO, ETC. |
| Resumo, etc. |
Há pouco considerado por uma comissão internacional de escritores como o melhor livro de todos os tempos, Dom Quixote nos chega agora traduzido e adaptado por Ferreira Gullar, que extraiu o melhor sumo do conteúdo poético e humanista dos cinco grossos volumes da edição original da obra de Miguel de Cervantes e, numa linguagem moderna e fluida, a tornou mais acessível aos leitores de nosso tempo. As ilustrações de Gustave Doré com certeza também serão um deleite para os leitores. Dom Quixote certamente vai seguir a trilha do êxito obtido por Gullar no tratamento de dois clássicos da literatura - Fábulas de La Fontaine e As mil e uma noites, ambos ganhadores do prêmio "Altamente Recomendável", dado pela FNLIJ -, também editados pela Revan, que hoje estimulam a imaginação e enchem de beleza os olhos de dezenas de milhares de crianças e adultos em todo o Brasil.<br/><br/><br/><br/>A história mostra um ingênuo senhor rural cujo passatempo favorito era a leitura de livros de cavalaria. Na sua obsessão, acreditava literalmente nas aventuras escritas e decide tornar-se um cavaleiro andante. Suas viagens sucedem-se sob a alucinação de que estava vivendo na era da cavalaria; pessoas que encontrava nas estradas pareciam-lhe como cavaleiros em armas, damas em apuros, gigantes e monstros; até moinhos de vento na sua imaginação eram seres vivos. Combatendo as injustiças, o personagem enfrenta situações penosas e ridículas, mantendo, porém, uma figura nobre e patética. Ao final, Dom Quixote volta à razão, renuncia aos romances de cavalaria e morre como piedoso cristão. |
| 650 #0 - ASSUNTO--TERMO TÓPICO |
| Cabeçalho tópico ou nome geográfico |
Literatura espanhola |
| 9 (RLIN) |
144 |
| 650 #0 - ASSUNTO--TERMO TÓPICO |
| Cabeçalho tópico ou nome geográfico |
Aventura |
| 9 (RLIN) |
47 |
| 650 #0 - ASSUNTO--TERMO TÓPICO |
| Cabeçalho tópico ou nome geográfico |
Amor e Paixão |
| 9 (RLIN) |
25 |
| 650 #0 - ASSUNTO--TERMO TÓPICO |
| Cabeçalho tópico ou nome geográfico |
Clássicos |
| 9 (RLIN) |
77 |
| 650 #0 - ASSUNTO--TERMO TÓPICO |
| Cabeçalho tópico ou nome geográfico |
Filme |
| 9 (RLIN) |
26 |
| 655 #0 - TERMO DE ÍNDICE--GÊNERO E FORMA |
| Gênero/forma/ou termo foco |
Romance |
| 655 #0 - TERMO DE ÍNDICE--GÊNERO E FORMA |
| Gênero/forma/ou termo foco |
Ficção |
| 700 ## - ENTRADA ADICIONADA - NOME PESSOAL |
| Nome pessoal |
Visconde de Castilho e Azevedo |
| Função do autor por extenso |
Tradutor |
| 9 (RLIN) |
241 |
| 700 ## - ENTRADA ADICIONADA - NOME PESSOAL |
| Nome pessoal |
José María Castro Calvo |
| Datas associadas ao nome |
Notas |
| Função do autor por extenso |
Ilustração |
| 9 (RLIN) |
242 |
| 942 ## - ELEMENTOS DE ENTRADA ADICIONADOS (KOHA) |
| Fonte de classificação ou esquema de arquivamento |
Classificação decimal de Dewey |
| Ocultar no OPAC |
Não |
| Tipo de material Koha |
Livros |